| Поле | Инд. | ПП | Название | Значение |
|---|---|---|---|---|
| Тип записи | a | |||
| Библиографический уровень | b | |||
| 001 | Контрольный номер | 0fbdd8cffc0c43e786e325253ca2af95 | ||
| 005 | Дата корректировки | 20260129163751.0 | ||
| 024 | 80 | a | Стандартный номер | 10.52531/1682-1696-2025-25-3-76-85 |
| 040 | a | Служба первич. каталог. | РИНЦ | |
| b | Код языка каталог. | rus | ||
| 041 | 0_ | a | Код языка текста | rus |
| 097 | a | Садовникова Л.В. | ||
| 100 | 1_ | a | Автор | Шамаева Е. Ф. |
| c | Титул (звания) | доцент (ученое звание); кандидат технических наук; доцент (должность) | ||
| i | 100089614 | |||
| g | Прочие сведения | Scopus Author ID: 57196119253 (https://www.scopus.com/authid/detail.uri?authorId=57196119253) | ||
| k | Кафедра геоинформационных систем и технологий; Институт системного анализа и управления | |||
| q | Полное имя | Шамаева Екатерина Федоровна | ||
| u | Дополнение | Шамаева Е. Ф. | ||
| 100 | 1_ | a | Автор | Саламанова М. Ш. |
| 100 | 1_ | a | Автор | Асонов А. А. |
| 100 | 1_ | a | Автор | Гречитаева М. В. |
| 245 | 10 | a | Заглавие | Современные технологии переработки отходов для минимизации экологического ущерба и развития территорий на примере адаптивной системы "Астра" |
| 773 | 18 | t | Название источника | Вестник РАЕН |
| b | Сведения об издании | Российская академия естественных наук | ||
| c | Москва | |||
| d | Место и дата издания | 2025 | ||
| m | Специф. данные | журнал из перечня ВАК; ненулевой импакт-фактор | ||
| q | ВАК | |||
| o | Прочие индексы | РИНЦ 0.255 | ||
| x | ISSN | 1682-1696 | ||
| g | Прочая информация | Т. 25. - № 3. - С. 76 - 85 | ||
| w | Контрольный № источника | 0bed862d53314912b50eea19a11311b9 | ||
| 856 | 40 | u | URL | https://elibrary.ru/item.asp?id=83047355 |
| 901 | t | Тип документа | b | |
| 952 | c | Вид литературы | статья в журнале |